Todos os nomes dados ao Brasil - Statistics

Estatísticas Gerais
  • Esse quiz foi jogado 128 vezes
  • A pontuação média é 5 de 12
Estatísticas das Respostas
Ano Povo que criou o nome Resposta % Correto
1507 Portugueses Terra do Brasil
96%
1967-até agora Brasileiros República Federativa do Brasil
92%
1501 Portugueses Terra de Santa Cruz
75%
1500 Portugueses Ilha de Vera Cruz
64%
1822 Brasileiros Império Brasileiro
44%
Antes de 1500 Índios Tupi-Guarani Pindorama
44%
1889 Brasileiros Estados Unidos do Brasil
40%
1831 Brasileiros Brazil
16%
1502 Portugueses Terra dos Papagaios
15%
1507 Portugueses América
10%
1578 Portugueses Índia Ocidental
3%
1503 Portugueses Mundus Novus
3%
Nenhum quiz correspondente encontrado
Distribuição das Pontuações
Porcentagem de Pessoas com Cada Pontuação
Percentil de Números Respondidos
Sua Pontuação Histórica
Você não jogou esse quiz